01351nam a2200313 a 450000100060000000300080000600500170001400800410003103500190007204000260009104100080011708200240012524500870014926000380023630000370027450000190031165000360033065000340036670000310040070000330043170000260046470000250049094200120051599900170052795201370054495201180068195201180079995201200091753478BD-RjUL20211209075952.0161016m1950 n a|||| |||| 001 0 eng d a(BD-RjUL)53599 aBD-RjULbengcBD-RjUL aeng 223a658.3bMAN 195004aThe management of personnel and labor relations /cGordon S. Watkins ... [et all.] aNew York :b McGraw-Hill,cc1950. axviii, 974 p. :bill. ;c23 cm.  aIncludes index a Personnel management. 9159873 aIndustrial relations.9159874 aWatkins, Gordon S.9232469 aMcNaughton, Wayne L.9232470 aDodd, Paul A.9232471 aPrasow, Paul9159878 2ddccBK c53478d53478 00102ddc40708NFICaRUCLbRUCLcStackd1963-01-31eZeithingerg62.00l0o658.3 MAN 1950r2016-10-16 00:00:00tC-2w2021-12-09yBK 00102ddc40708NFICaRUCLbRUCLcStackd2019-07-22l0o658.3 MAN 1950r2019-07-22 00:00:00tC-3w2019-07-22yBK 00102ddc40708NFICaRUCLbRUCLcStackd2019-07-22l0o658.3 MAN 1950r2019-07-22 00:00:00tC-4w2019-07-22yBK 00102ddc40718NFICaRUCLbRUCLcReadingd2019-07-22l0o658.3 MAN 1950r2019-07-22 00:00:00tC-1w2019-07-22yBK